000 00342cam a22001097a 4500
008 180718b1933 xxu||||| |||| 00| 0 eng d
082 _aA42x5411 As72/1931
100 _aAssam. Government
245 _aThe manual of local rules and orders made under enactments applying to Assam, 1931
260 _aShillong
_bThe author
_c1933
300 _a531p.
999 _c487815
_d487815